Dream Smp Emoji Quiz - Statistics

General Stats
  • This quiz has been taken 1,289 times
  • The average score is 12 of 15
Answer Stats
Hint Answer % Correct
🐷 technoblade
95%
💿 tommy
94%
⚫️⚪️ ranboo
93%
🐝 tubbo
93%
🐼 sapnap
91%
🫖 dream
90%
👓 george
89%
🟣 purpled
85%
💎 skeppy
82%
🦆 quackity
81%
💥 wilbur
72%
🌀 karl
65%
🐀 badboyhalo
64%
👩🏼 nihachu
52%
🐈 antfrost
48%
No matching quizzes found
Score Distribution
Percent of People with Each Score
Percentile by Number Answered
Your Score History
You have not taken this quiz